On This Day: August 4th Quiz Stats

 Plays Quiz Updated Aug 4, 2017

Support Sporcle.
Go Orange.
Score 0/7 Timer 03:00
1 Play Today
Question Answer Wrong Answers
The Hinomaru, which embodies Japan's nickname as the ______, is established as the official flag to be flown from Japanese ships.
1854
Land of the Rising Sun
96.4%
Land of Hope and Glory
1.7%
Land of Poets
0.9%
Land of the Blue Sky
0.9%
This American politician, who worked as a community organizer in Chicago before becoming President of the United States, is born.
1961
Barack Obama
88.9%
George W. Bush
2.1%
Bill Clinton
3.7%
Donald Trump
1.9%
US President Jimmy Carter signs legislation creating the United States Department of ______, which among other duties is concerned with policies regarding safety in handling nuclear material.
1977
Energy
83.8%
Justice
3.5%
Commerce
2.4%
The Interior
6.1%
Ioannis Metaxas, Prime Minister of ______, suspends parliament and the Constitution, and establishes the 4th of August Regime.
1936
Greece
62.9%
Turkey
14%
Albania
12.1%
Bulgaria
8.4%
Operation Storm, a major factor in the outcome of this conflict, begins in Croatia.
1995
Bosnian War
55.1%
Gulf War
17.5%
Kosovo War
19.7%
Ten-Day War
2.5%
The FCC rescinds this, which had required radio and television stations to present controversial issues in a way that was ‘honest, equitable, and balanced’.
1987
Fairness Doctrine
48.8%
Decency Doctrine
14.1%
Honesty Doctrine
8.4%
Good Faith Doctrine
23.9%
Diplomatic relations between the Soviet Union and this North American country are established.
1924
Mexico
26.8%
Canada
22.4%
United States
45%
Honduras
4.5%

You're not logged in!

Compare scores with friends on all Sporcle quizzes.
OR
Log In
Forgot?

From the Vault

Lucky Seven Crossword V

by El_Dandy

Let's see if you can make your own luck.
Remove Ads.
Support Sporcle.
Get the best of Sporcle when you Go Orange. This ad-free experience offers more features, more stats, and more fun while also helping to support Sporcle. Thank you for becoming a member.

Show Comments

Extras

Top Quizzes Today


Score Distribution

Your Account Isn't Verified!

In order to create a playlist on Sporcle, you need to verify the email address you used during registration. Go to your Sporcle Settings to finish the process.

Report this User

Report this user for behavior that violates our Community Guidelines.

Details: